Регионална библиотека "Любен Каравелов" - Русе

Теория на социалното дело (Запис номер 183668)

MARC детайли
000 -Лидер
Контролно поле с фиксирана дължина 01321nam a2200289 c 4500
003 - Код на организацията, давaща контролен номер
Контролно поле BLK
005 - Дата и час на последна редакция
Контролно поле 20180422115311.0
008 - Елементи от данни с фиксирана дължина
fixed length control field 180411b bul|||||r ||||||| ||bul||
010 ## - Наследен системен номер
LC control number KNG00192611000
040 ## - Източник на каталожния запис
Идентификатор на билиотеката - собственик на записа BLK
041 ## - Код за език
Код за езика на текст/звукозапис или на отделно заглавие Български
Код за езика КДБФ Български
080 ## - УДК
Текстов определител УДК Социално осигуряване. Работническо осигуряване
УДК код - определител по УДК 368.4
УДК определител .01(075.8)
УДК - код + определител 368.4.01(075.8)
100 1# - Редна дума - Автор
Автор Георгиев, Здравко Петров
Авторска отговорност първи автор
R(LIN) 265289
139 ## - Редно поле
Редна дума Георгиев, Здравко Петров и др.
Авторски знак Георгиев - Г 37
245 10 - Сведения за заглавието
Заглавие Теория на социалното дело
Подзаглавни данни Учебник за студентите от ВФСИ Д. А. Ценов - Свищов
Редно поле (дума) Здравко Петров Георгиев; съавт. Данаил Георгиев Врачовски; съавт. Нено Павлов.
257 ## - Страна на издаване
Страна на създаване/издаване България
260 ## - Област на издателските данни
-- Свищов
Име на издателя, разпространителя и проч. ВФСИ Д. А. Ценов
Година на издаване 1987
300 ## - Физическа характеристика
Страници 306 с.
Размери/Мащаб 20 см
380 ## - Жанр
Жанр Обществени науки
700 1# - Други автори (авторска отговорност)
Лично име Врачовски, Данаил Георгиев
Автороска отговорност (Описва отношението между автора и произведението) съавт.
9 (RLIN) 384066
700 1# - Други автори (авторска отговорност)
Лично име Павлов, Нено
Автороска отговорност (Описва отношението между автора и произведението) съавт.
Друга информация Ненов, Нено Павлов
9 (RLIN) 366044
852 ## - Местоположение
Форматна сигнатура Цб 148819
856 4# - Електронен адрес и достъп
Електронен формат pdf - файл
Път до файла /url/
856 4# - Електронен адрес и достъп
Електронен формат pdf - файл
Път до файла /url/
942 ## - АРТИКУЛИ
Вид на библиотечния материал Книги
Скрит в OPAC Не
944 ## - СЪЗДАВАНЕ И РЕДАКЦИЯ на ЗАПИСА
Създаване/Редакция Създаване
Дата на регистрацията/редакция 12.10.2016
Служител, извършил регистрацията/редакцията Правда_Бадева
944 ## - СЪЗДАВАНЕ И РЕДАКЦИЯ на ЗАПИСА
Създаване/Редакция Редакция
Дата на регистрацията/редакция 12.10.2016
Служител, извършил регистрацията/редакцията Правда_Бадева
999 ## - СИСТЕМНИ КОНТРОЛНИ НОМЕРА
Koha biblionumber 183668
Koha biblioitemnumber 183668
Наличности
Код за отписване Код за изгубен артикул Източник на класификационната схема Код за повреда Коз за рестрикции Код за отдаване Артикулен № Име на библиотеката - собственик Име на библиотеката, в която се намира в момента Статус (Текущо местоположение) Дата на вписване в системата Местоположение - отдел Цена в лева Инвентарен номер Систематично азбучна сигнатура Баркод Номер на екземпляра Цена в евро Служебна бележка Служебен тип на артикула
  Не е изгубен Universal Decimal Classification Не е повреден без рестрикции ползва се в читалня 316862 Регионална библиотека "Любен Каравелов" Русе Регионална библиотека "Любен Каравелов" Русе Хранилище 1987-01-01 Хранилище 1.25 480401 Цб 148819 120000480401 1 0.64 N: стар фонд Дата: 01.01.1987 Книги
  Не е изгубен Universal Decimal Classification Не е повреден без рестрикции заемане за дома 316863 Регионална библиотека "Любен Каравелов" Русе Регионална библиотека "Любен Каравелов" Русе Заемна - подръчен фонд 1987-01-01 Заемна - подръчен фонд 1.25 516140 П 36/Г 37 120000516140 2 0.64 N: стар фонд Дата: 01.01.1987 Дата инв: 06.02.2018 Бележки инв: П2018 Книги
Изтеглен Не е изгубен Universal Decimal Classification Не е повреден без рестрикции заемане за дома 316864 Регионална библиотека "Любен Каравелов" Русе Регионална библиотека "Любен Каравелов" Русе Заемна - подръчен фонд 1987-01-01 Заемна - подръчен фонд 1.25 516139 П 36/Г 37 516139 3 0.64 N: стар фонд Дата: 01.01.1987 Книги
Vip Innovations Ltd, Rousse, Bulgaria 2025